| 000 | 00701nam a2200217 a 4500 | ||
|---|---|---|---|
| 001 | 000015688 | ||
| 005 | 20240412074244.0 | ||
| 008 | 100217s2008 dr 000 0 spa d | ||
| 020 | _a9789945162608 | ||
| 040 |
_aDO-SdBNP _bspa _cBNPHU |
||
| 082 |
_aRD863.44 _bH565c |
||
| 100 | 1 |
_aHerrera, Tania _935354 |
|
| 245 | 1 | 0 |
_aCuentos de luna llena bajo un perforado cielo / _cTania Herrera. |
| 260 |
_aSanto Domingo : _bDragón Editorial., _c2008. |
||
| 300 |
_a46 p. ; _c22 cm. |
||
| 500 | _aIncluye datos biográficos de la autora. | ||
| 590 | _aInventariado, 2020 /LP | ||
| 650 | 0 |
_aCuentos dominicanos _9176 |
|
| 650 | 0 |
_aLiteratura dominicana. _967 |
|
| 910 | _aValidado. Control de calidad MMOLINA | ||
| 999 |
_c15240 _d15240 |
||